000 00385nam a2200133Ia 4500
005 20260326235443.0
008 260326s9999||||xx |||||||||||||| ||und||
100 _aGuiot de Granobles, Ligia
245 0 _aPrimeras manifestaciones constructivas :
_b Historia de la Edificación /
_cLigia Guiot de Granobles
260 _bCreativas
300 _a95 p.
650 _aHISTORIA
942 _cBK
999 _c7488
_d7488